000 00339nam a2200145Ia 4500
008 230718s9999 xx 000 0 und d
041 _aEng.
082 _a340
_bMAL-M
100 _aMallington, Robin
245 0 _aMinesity Shave helder's
260 _aPakistan
_bThomson Pablishs
_c1995
300 _a245
650 _aLaw
999 _c26721
_d26721